The Brown-Driver-Briggs Hebrew and English lexicón with an appendix containing the Biblical Aramaic: coded with the numbering system from Stron's Exhaustive Concordance of the Bible

Saved in:
Bibliographic Details
Main Authors: Brown, Francis (Author), Driver, S. R (Author), Briggs, Charles A (Author)
Format: Book
Language:Hebrew
English
Published: Peabody Hendrickson Publishers Marketing 2014
Edition:1a. ed
Subjects:
Tags: Add Tag
No Tags, Be the first to tag this record!

MARC

LEADER 00000cam a2200000 a 4500
001 UCE6233
003 CL-VaPUC
008 150402e20140000us |||||||||||||||||heb|d
020 |a 9781565632066 
041 0 7 |a heb  |2 CL-VaPUC 
041 0 7 |a eng  |2 CL-VaPUC 
082 0 4 |a 492.403  |b BRO  |2 21 
100 0 |a Brown, Francis  |e author  |9 578866 
700 0 |a Driver, S. R  |e author  |9 578867 
700 0 |a Briggs, Charles A  |e author  |9 578868 
245 1 4 |a The Brown-Driver-Briggs Hebrew and English lexicón with an appendix containing the Biblical Aramaic: coded with the numbering system from Stron's Exhaustive Concordance of the Bible 
250 |a 1a. ed 
300 |a 1204 p 
942 |c BK 
945 |d 20150402 11:08:00  |a dcastane 
260 |a Peabody  |b Hendrickson Publishers Marketing  |c 2014 
650 0 |a Diccionarios  |9 256200 
650 0 |a Hebreo   |9 391464 
583 |a last modification  |c 20170713 05:13:42  |k Rodrigo Vera 
999 |c 358612  |d 358610 
952 |0 0  |1 0  |3 erd  |4 0  |6 492_403000000000000_BRO_2014  |7 0  |8 X  |9 467443  |a BIBTEO  |b BIBTEO  |i 5143683  |o 492.403 BRO 2014  |p 5143683  |r 2025-01-17  |w 2019-11-23  |y BK_X  |z Catalogado en:20150402  |k ICR